|
|
|
|
| LEADER |
01856nam a2200301 a 4500 |
| 001 |
3033734 |
| 008 |
111226r20101996maua b 001 0 eng d |
| 010 |
|
|
|a 95024307
|
| 020 |
|
|
|a 9788131733622
|
| 020 |
|
|
|a 020140009X
|
| 040 |
|
|
|a DLC
|c DLC
|d DLC
|d BD-DhAAL
|
| 082 |
0 |
0 |
|a 005.1
|2 22
|
| 100 |
1 |
|
|a Sedgewick, Robert,
|d 1946-
|
| 245 |
1 |
3 |
|a An introduction to the analysis of algorithms /
|c Robert Sedgewick, Philippe Flajolet.
|
| 246 |
1 |
8 |
|a Analysis of algorithms
|
| 260 |
|
|
|a Reading, Mass. :
|b Addison-Wesley ;
|a New Delhi :
|b Pearson Education,
|c c1996 [Reprinted 2010]
|
| 300 |
|
|
|a xv, 492 p. :
|b ill. ;
|c 25 cm.
|
| 504 |
|
|
|a Includes bibliographical references (p. 473-474) and index.
|
| 541 |
|
|
|e 00024100
|
| 650 |
|
0 |
|a Computer algorithms.
|
| 700 |
1 |
|
|a Flajolet, Philippe.
|
| 852 |
1 |
|
|a Ayesha Abed Library
|c General shelf.
|
| 999 |
|
|
|c 11695
|d 11695
|
| 952 |
|
|
|0 0
|1 0
|4 0
|6 005_100000000000000_SED
|7 0
|9 19012
|a BRACUL
|b BRACUL
|c GEN
|d 2011-12-28
|e Parama publishers
|g 605.00
|l 6
|m 55
|o 005.1 SED
|p 3010024100
|r 2022-08-03
|s 2022-06-20
|t 1
|w 2011-12-28
|y BK
|x Available
|
| 952 |
|
|
|0 0
|1 0
|4 0
|6 005_100000000000000_SED
|7 0
|9 19013
|a BRACUL
|b BRACUL
|c GEN
|d 2011-12-28
|e Parama publishers
|g 605.00
|l 3
|m 10
|o 005.1 SED
|p 3010024101
|r 2022-06-20
|s 2022-06-12
|t 2
|w 2011-12-28
|y BK
|x Available
|
| 952 |
|
|
|0 0
|1 0
|4 0
|6 005_100000000000000_SED
|7 0
|9 19014
|a BRACUL
|b BRACUL
|c GEN
|d 2011-12-28
|e Parama publishers
|g 605.00
|l 5
|m 7
|o 005.1 SED
|p 3010024102
|r 2025-12-17
|s 2025-12-17
|t 3
|w 2011-12-28
|y BK
|x Available
|
| 952 |
|
|
|0 0
|1 0
|4 0
|6 005_100000000000000_SED
|7 0
|9 19015
|a BRACUL
|b BRACUL
|c GEN
|d 2011-12-28
|e Parama publishers
|g 605.00
|l 6
|m 44
|o 005.1 SED
|p 3010024103
|r 2026-03-28
|s 2026-03-08
|t 4
|w 2011-12-28
|y BK
|x Available
|
| 952 |
|
|
|0 0
|1 0
|4 0
|6 005_100000000000000_SED
|7 0
|9 19016
|a BRACUL
|b BRACUL
|c GEN
|d 2011-12-28
|e Parama publishers
|g 605.00
|l 4
|m 36
|o 005.1 SED
|p 3010024104
|r 2024-10-17
|s 2024-06-08
|t 5
|w 2011-12-28
|y BK
|x Available
|